000
00338nam a2200133Ia 4500
008
260604s9999 xx 000 0 und d
020
_a
9781250124364
082
_a
823.92 MCL
100
_a
Henry Holt & Company Inc
_9
35328
245
0
_a
Key of Skeleton Peak: Legends Of The Lost Causes
260
_b
SHREE
500
_a
Peak
942
_c
BK
999
_c
8107
_d
8107